000 00519nam a2200181Ia 4500
008 100920s9999 xx 000 0 und d
082 _b37000
_a891.464 थ 76
100 _aनारायण जयप्रकाश.
245 _aस्वगत.
260 _bअभय प्रकाशन, पुणे 33.
_c1976
300 _a135
_bसाधी
365 _b5
520 _aनिबंध.
630 _aस्वगत.
650 _aनिबंध.
730 _aस्वगत.
942 _cBOOK
999 _c689766
_d689763